| 000 | 00699nam a2200205Ia 4500 | ||
|---|---|---|---|
| 003 | GCL | ||
| 008 | 140319s9999 xx 000 0 ara d | ||
| 040 |
_aGCL / _cGCL |
||
| 082 | 0 | 4 |
_a943.01 _bى ا |
| 100 | 1 | _aعفاف سيد صبره | |
| 245 | 1 | 0 |
_aالامبراطوريتان البيرنطية والرومانيةالعربية زمن شارلمان / _cعفاف سيد صبره |
| 260 |
_a[S.N] : _bدار النهضة العربية ، _c1982 |
||
| 300 | _a446 ص | ||
| 490 | _a | ||
| 650 | 0 | 4 | _aتاريخ |
| 650 | 0 | 4 | _aالامبراطورية الرومانية |
| 650 | 0 | 4 | _aالحكم الرومانى |
| 650 | 0 | 4 | _aالامبراطورية البيزنطية |
| 942 |
_2ddc _cBK |
||
| 999 |
_c31376 _d31376 |
||